000
00345nam a2200157Ia 4500
003
Ost
005
20260225132551.0
008
260225s9999||||xx |||||||||||||| ||und||
040
_c
fsic
041
_a
fre
082
_a
440
100
_a
United states
_e
Auteur
245
4
_a
The Amarican cinema /
245
0
_c
United states
942
_c
كتاب
999
_c
34125
_d
34125